[Event "AUTO-INT-898"]
[Site "http://www.queenalice.com/game.php?id=401535"]
[Date "2008.5.11"]
[Round "1"]
[White "Sankara"]
[Black "li2carpio"]
[Result "0-1"]
[WhiteElo "1306"]
[BlackElo "1941"]

1. e4 c5 2. Bc4 Nc6 3. Qh5 e6 4. Nf3 Nf6 5. Qh4 Be7 6. O-O h6 7. Nc3 a6 8. d3 b5
9. Bb3 Bb7 10. Re1 Nd5 11. Qh3 Nxc3 12. bxc3 Qc7 13. e5 O-O-O 14. Qh5 g6 15. Qg4
g5 16. Ba3 h5 17. Qe4 g4 18. Nd2 a5 19. f3 gxf3 20. Qxf3 Rdf8 21. c4 a4 22. cxb5
Nd4 23. Qe3 axb3 24. axb3 Nxc2 25. Bb2 Nxe3 26. Rxe3 Rfg8 27. g3 h4 28. Rf1 hxg3
29. hxg3 Qb6 30. Rxf7 Bg5 31. Nf1 Bxe3+ 32. Nxe3 Rxg3+ 33. Ng2 Rxg2+ 34. Kf1
Rh1# 0-1

[Event "AUTO-INT-898"]
[Site "http://www.queenalice.com/game.php?id=401548"]
[Date "2008.5.11"]
[Round "1"]
[White "J_Ricardo"]
[Black "Sankara"]
[Result "1-0"]
[WhiteElo "1552"]
[BlackElo "1344"]

1. e4 e5 2. Nf3 d5 3. Nxe5 Qe7 4. f4 Qf6 5. g3 dxe4 6. Qe2 Bf5 7. Qc4 Na6 8. Nc3
Nb4 9. Nd5 Qe6 10. Nxc7+ Kd8 11. Nxe6+ fxe6 12. Qd4+ Nd5 13. Nf7+ Ke7 14. Nxh8
Rc8 15. c3 Nh6 16. Qxa7 Rc7 17. Bc4 Rxc4 18. Qxb7+ Nc7 19. h3 g6 20. g4 Nxg4 21.
hxg4 Bxg4 22. Rxh7+ Kf6 23. Rf7# 1-0

[Event "AUTO-INT-898"]
[Site "http://www.queenalice.com/game.php?id=401549"]
[Date "2008.5.11"]
[Round "1"]
[White "Sankara"]
[Black "J_Ricardo"]
[Result "0-1"]
[WhiteElo "1336"]
[BlackElo "1538"]

1. e4 e5 2. Nf3 d6 3. Bb5+ c6 4. Bc4 h6 5. O-O Bg4 6. h3 Bh5 7. b4 Nf6 8. g4 Bg6
9. g5 Nxe4 10. d3 Nxg5 11. h4 Nxf3+ 12. Qxf3 Qe7 13. b5 a6 14. Nc3 axb5 15. Nxb5
cxb5 16. Bxb5+ Nc6 17. Rb1 Rxa2 18. Qe2 Qe6 19. c4 Qf5 20. d4 Rxe2 21. Rb2 Qg4+
22. Kh2 Qxh4+ 23. Kg1 Qg4+ 24. Kh1 Be4+ 25. Kh2 Qg2# 0-1

[Event "Challenge"]
[Site "http://www.queenalice.com/game.php?id=404890"]
[Date "2008.5.18"]
[Round "-"]
[White "andrefriburgo"]
[Black "Sankara"]
[Result "1-0"]
[WhiteElo "1234"]
[BlackElo "1328"]

1. e4 e5 2. Nf3 Nf6 3. Nc3 Bc5 4. Nxe5 Qe7 5. d4 Bb6 6. Bf4 d6 7. Nf3 Nxe4 8.
Nxe4 Qxe4+ 9. Be3 Ba5+ 10. c3 O-O 11. Bd3 Qg4 12. b4 Bb6 13. h3 Qxg2 14. Rg1
Qxh3 15. Bc4 Nd7 16. Rg3 Qh4 17. Nxh4 Re8 18. Qg4 Kh8 19. Qxg7# 1-0

[Event "AUTO-OPEN-1208"]
[Site "http://www.queenalice.com/game.php?id=438964"]
[Date "2008.7.25"]
[Round "1"]
[White "Dyggo"]
[Black "Sankara"]
[Result "1-0"]
[WhiteElo "1756"]
[BlackElo "1332"]

1. e4 e5 2. Nf3 Nf6 3. d4 Bb4+ 4. c3 Ba5 5. dxe5 Nxe4 6. Qd5 Nxf2 7. Kxf2 Bb6+
8. Be3 c6 9. Qd6 g6 10. Nbd2 f5 11. exf6 Rf8 12. Ne4 a6 13. Qe5+ Kf7 14. Nd6+
Kg8 15. Bc4+ Kh8 16. f7+ 1-0

[Event "AUTO-OPEN-1208"]
[Site "http://www.queenalice.com/game.php?id=438965"]
[Date "2008.7.25"]
[Round "1"]
[White "Sankara"]
[Black "Dyggo"]
[Result "0-1"]
[WhiteElo "1330"]
[BlackElo "1768"]

1. e4 c5 2. Bb5 a6 3. Ba4 b5 4. Bb3 c4 5. d4 cxb3 6. axb3 Bb7 7. d5 Nf6 8. Nf3
Nxe4 9. O-O e6 10. dxe6 dxe6 11. Qxd8+ Kxd8 12. Rd1+ Bd6 13. Nc3 Ke7 14. Bg5+ f6
15. Nxe4 Bxe4 16. Bh4 Bxc2 17. Nd4 Bxd1 18. Rxd1 Rc8 19. Re1 Be5 0-1

[Event "Challenge"]
[Site "http://www.queenalice.com/game.php?id=532496"]
[Date "2009.1.31"]
[Round "-"]
[White "Sankara"]
[Black "Tourinho"]
[Result "0-1"]
[WhiteElo "1326"]
[BlackElo "1622"]

1. e4 e5 2. d3 Nc6 3. Nc3 Bb4 4. Nf3 d6 5. a3 Bxc3+ 6. bxc3 Bg4 7. Rb1 b6 8. c4
Nf6 9. h3 Bh5 10. g4 Bg6 11. Bg5 h6 12. Bh4 Qd7 13. Bg2 Na5 14. c3 Nb7 15. O-O
Nc5 16. Re1 Qa4 17. Qe2 Qxa3 18. Qd2 Qa4 19. g5 hxg5 20. Bxg5 O-O-O 21. d4 Ncxe4
22. Qe2 Nxc3 23. Qe3 Nxb1 24. dxe5 dxe5 25. Nxe5 Rd1 0-1

[Event "Challenge"]
[Site "http://www.queenalice.com/game.php?id=555773"]
[Date "2009.3.14"]
[Round "-"]
[White "Sankara"]
[Black "mat95"]
[Result "0-1"]
[WhiteElo "1329"]
[BlackElo "1898"]

1. e4 c5 2. Bc4 d6 3. Nf3 Nf6 4. Qe2 e6 5. d3 a6 6. e5 dxe5 7. Qxe5 Bd6 8. Qg5
O-O 9. Nc3 Nc6 10. O-O b5 11. Bb3 Bb7 12. a4 b4 13. Ne4 Nxe4 14. Qxd8 Raxd8 15.
dxe4 Ne5 16. Re1 Nxf3+ 17. gxf3 Bc7 18. Bg5 Rd7 19. Rad1 Rxd1 20. Rxd1 Rc8 21.
c3 h6 22. Bh4 g5 23. Bg3 e5 24. Rd7 Ba8 25. Rxf7 Kh8 26. cxb4 cxb4 27. Be6 Re8
28. Bxe5+ Bxe5 29. Bd7 Rd8 30. Be6 Bxb2 31. h3 Bc6 32. a5 Bb5 33. e5 Bxe5 34.
Rf5 Rd1+ 35. Kg2 Bf1+ 36. Kg1 Bxh3# 0-1

[Event "Challenge"]
[Site "http://www.queenalice.com/game.php?id=556424"]
[Date "2009.3.15"]
[Round "-"]
[White "Sankara"]
[Black "Saru"]
[Result "1-0"]
[WhiteElo "1320"]
[BlackElo "1153"]

1. e4 Nc6 2. Nc3 Nf6 3. Bc4 Ne5 4. d4 Nxc4 5. e5 Nh5 6. Qxh5 g6 7. Qh4 b6 8. b3
d5 9. bxc4 dxc4 10. d5 Qd7 11. Qxc4 Bg7 12. Nb5 O-O 13. Nxc7 Rb8 14. Na6 Rb7 15.
Nf3 b5 16. Qd4 Rb6 17. Nc5 Qd8 18. O-O Bf5 19. Ne1 Re8 20. Bg5 h6 21. Be3 b4 22.
f3 e6 23. g4 exd5 24. gxf5 gxf5 25. Ned3 a5 26. a3 b3 27. Qb2 f6 28. f4 Rf8 29.
Na4 Rb8 30. cxb3 Qe8 31. Bc5 Rf7 32. Rae1 h5 33. exf6 Qc6 34. Qe5 Bxf6 35. Qxb8+
Kg7 36. Qd8 Bxd8 37. Ne5 Qb5 38. Nxf7 Kxf7 39. Rd1 Qxb3 40. Kh1 Bf6 41. Rb1 Qc4
42. Rb7+ Kg6 43. Rg1+ Kh6 44. Bf8+ Bg7 45. Bxg7+ Kh7 46. Bf8+ Kh8 47. Bh6 Qe4+
48. Rg2 Qe1+ 49. Rg1 Qf2 50. Rf7 Qf3+ 51. Rg2 d4 52. Nc5 h4 53. Kg1 d3 54. Nd7
1-0

[Event "Kraj´s Challenge"]
[Site "http://www.queenalice.com/game.php?id=573687"]
[Date "2009.4.18"]
[Round "-"]
[White "Sankara"]
[Black "Krajnicov"]
[Result "0-1"]
[WhiteElo "1322"]
[BlackElo "1510"]

1. e4 e5 2. Bc4 Qf6 3. Nf3 g6 4. Qe2 Bc5 5. O-O h5 6. d3 Qg7 7. Nc3 c6 8. a3 Qh7
9. Nxe5 h4 10. Qf3 Ne7 11. Bxf7+ Kd8 12. b4 Bd4 13. Bd2 Bxe5 14. d4 Bc7 15. d5
d6 16. Bg5 h3 17. gxh3 Bd7 18. b5 Bxh3 19. Rfe1 Bg4 20. Qxg4 Qxh2+ 21. Kf1 Qe5
0-1